000 00347 a2200157 4500
001 155483
040 _cEscola São Tomás de Aquino
100 _aMOTA, Carlos Guilherme
240 1 0 _aRevolução Francesa
_lpor
245 1 0 _aRevolução Francesa
300 _a36
362 0 _a1993
440 1 _aÁtica
697 _aHISTÓRIA
942 _cBK
999 _c155483
_d155483